000
00321nam a2200133Ia 4500
008
150201s2000 xx 000 0 und d
082
_a
617.6
_b
I2000S
245
_a
INTERNATIONAL COLLEGE OF DENTISTS
250
_a
1ST
260
_b
F.I.C
_a
DELHI
_c
2000
300
_a
Jan-54
650
_a
GENERAL BOOKS
942
_2
ddc
_c
BK
_0
1
999
_c
2890
_d
2890